| 000 | 00532nam a22001577a 4500 | ||
|---|---|---|---|
| 003 | OSt | ||
| 005 | 20150906104009.0 | ||
| 008 | 150906b xxu||||| |||| 00| 0 eng d | ||
| 040 | _cRUA | ||
| 082 | _aAGR ឈាង 1989 B001 Or.1 | ||
| 100 |
_985 _aឈាង ម៉េង |
||
| 245 | _aទិន្នផលស្រូវអាស្រ័យដោយកំរិតជីនិងពូជនៅលើដីល្បាប់ជាំទឹក | ||
| 260 |
_aPhnom Penh _bRUA _c1989 |
||
| 300 |
_a100p. _bill. _c29cm. |
||
| 942 |
_2ddc _cAGR |
||
| 999 |
_c80 _d80 |
||